Creative Confidence : Unleashing the Creative Potential Within us All (Record no. 83634)
[ view plain ]
| 000 -LEADER | |
|---|---|
| fixed length control field | 00506nam a22001937a 4500 |
| 005 - DATE AND TIME OF LATEST TRANSACTION | |
| control field | 20230103112134.0 |
| 008 - FIXED-LENGTH DATA ELEMENTS--GENERAL INFORMATION | |
| fixed length control field | 221212b |||||||| |||| 00| 0 eng d |
| 020 ## - INTERNATIONAL STANDARD BOOK NUMBER | |
| International Standard Book Number | 9780007592517 |
| 041 ## - LANGUAGE CODE | |
| Language code of text/sound track or separate title | eng |
| 082 ## - DEWEY DECIMAL CLASSIFICATION NUMBER | |
| Item number | Kel |
| 100 ## - MAIN ENTRY--PERSONAL NAME | |
| Author | Kelley Tom |
| 245 ## - TITLE STATEMENT | |
| Title | Creative Confidence : Unleashing the Creative Potential Within us All |
| 260 ## - PUBLICATION, DISTRIBUTION, ETC. | |
| Place of publication, distribution, etc. | London |
| Name of publisher, distributor, etc. | William Collins |
| Date of publication, distribution, etc. | 2013 |
| 300 ## - PHYSICAL DESCRIPTION | |
| Extent | 288 |
| 365 ## - TRADE PRICE | |
| Price amount | 210.00 |
| Currency code | Rs. |
| 650 ## - SUBJECT ADDED ENTRY--TOPICAL TERM | |
| Topical term or geographic name entry element | Design |
| 942 ## - ADDED ENTRY ELEMENTS (KOHA) | |
| Koha item type | Books |
| Withdrawn status | Lost status | Source of classification or shelving scheme | Damaged status | Not for loan | Home library | Current library | Date acquired | Vendor | Net Price | Total Checkouts | Full call number | Barcode | Date last seen | Date last checked out | Actual Price | Bill Date | Koha item type | Original Barcode |
|---|---|---|---|---|---|---|---|---|---|---|---|---|---|---|---|---|---|---|
| Dewey Decimal Classification | School of Fashion Technology | School of Fashion Technology | 26/11/2022 | Amazon | 210.00 | 11 | 745.4 KEL | SOFT-BK-4076 | 08/07/2024 | 05/07/2024 | 350.00 | 12/12/2022 | Books | 004076 |